Statistics for Historical Timeline of Slovenia

Click here to take the quiz!

General Stats

  • This quiz has been taken 101 times
  • The average score is 8 of 12

Answer Stats

YearHintAnswer% Correct
27 BCR____ EmpireRoman Empire
98%
1918Kingdom of Y_________Kingdom of Yugoslavia
94%
1945Y_________Yugoslavia
94%
1991S_______Slovenia
93%
1943G______Germany
73%
1868A______-H______Austria-Hungary
68%
1402Republic of V_____Republic of Venice
57%
553B________ EmpireByzantine Empire
54%
567Av__ KhaganateAvar Khaganate
41%
493Ostro______ KingdomOstrogothic Kingdom
38%
952March of Car_____March of Carniola
36%
1364Duchy of Car_____Duchy of Carniola
36%

Score Distribution

Percentile by Number Answered

Percent of People with Each Score

Your Score History

You have not taken this quiz